<?xml version="1.0" encoding="UTF-8"?>
<record
    xmlns:xsi="http://www.w3.org/2001/XMLSchema-instance"
    xsi:schemaLocation="http://www.loc.gov/MARC21/slim http://www.loc.gov/standards/marcxml/schema/MARC21slim.xsd"
    xmlns="http://www.loc.gov/MARC21/slim">

  <leader>01408nam a22002897a 4500</leader>
  <datafield tag="999" ind1=" " ind2=" ">
    <subfield code="c">93381</subfield>
    <subfield code="d">93381</subfield>
  </datafield>
  <controlfield tag="003">NALT</controlfield>
  <controlfield tag="005">20210325215510.0</controlfield>
  <controlfield tag="008">170816b        th ||||| |||| 00| 0 tha d</controlfield>
  <datafield tag="020" ind1=" " ind2=" ">
    <subfield code="a">9786161817930</subfield>
  </datafield>
  <datafield tag="040" ind1=" " ind2=" ">
    <subfield code="a">NALT</subfield>
  </datafield>
  <datafield tag="041" ind1="1" ind2=" ">
    <subfield code="a">tha</subfield>
    <subfield code="h">kor</subfield>
  </datafield>
  <datafield tag="050" ind1=" " ind2=" ">
    <subfield code="a">HF 5381 </subfield>
    <subfield code="b">&#xE2D;747&#xE08; 2560</subfield>
  </datafield>
  <datafield tag="100" ind1="1" ind2=" ">
    <subfield code="9">12518</subfield>
    <subfield code="a">&#xE2D;&#xE34;&#xE21;, &#xE41;&#xE08;&#xE0B;&#xE2D;&#xE07;</subfield>
  </datafield>
  <datafield tag="245" ind1="1" ind2="0">
    <subfield code="a">&#xE08;&#xE07;&#xE43;&#xE0A;&#xE49;&#xE0A;&#xE35;&#xE27;&#xE34;&#xE15;&#xE41;&#xE1A;&#xE1A;&#xE17;&#xE35;&#xE48;&#xE40;&#xE18;&#xE2D;&#xE15;&#xE49;&#xE2D;&#xE07;&#xE01;&#xE32;&#xE23;&#xE08;&#xE23;&#xE34;&#xE07; &#xE46; =</subfield>
    <subfield code="b">Just live the life you really want to /</subfield>
    <subfield code="c">&#xE2D;&#xE34;&#xE21;&#xE41;&#xE08;&#xE0B;&#xE2D;&#xE07;, &#xE40;&#xE02;&#xE35;&#xE22;&#xE19; ; &#xE15;&#xE23;&#xE2D;&#xE07;&#xE2A;&#xE34;&#xE23;&#xE34; &#xE17;&#xE2D;&#xE07;&#xE04;&#xE33;&#xE43;&#xE2A;, &#xE41;&#xE1B;&#xE25; ; Tree Apart, &#xE27;&#xE32;&#xE14;&#xE20;&#xE32;&#xE1E;&#xE1B;&#xE23;&#xE30;&#xE01;&#xE2D;&#xE1A;.</subfield>
  </datafield>
  <datafield tag="250" ind1=" " ind2=" ">
    <subfield code="a">&#xE1E;&#xE34;&#xE21;&#xE1E;&#xE4C;&#xE04;&#xE23;&#xE31;&#xE49;&#xE07;&#xE41;&#xE23;&#xE01;</subfield>
  </datafield>
  <datafield tag="260" ind1=" " ind2=" ">
    <subfield code="a">&#xE01;&#xE23;&#xE38;&#xE07;&#xE40;&#xE17;&#xE1E;&#xE2F; :</subfield>
    <subfield code="b">&#xE2A;&#xE1B;&#xE23;&#xE34;&#xE07;&#xE1A;&#xE38;&#xE4A;&#xE01;&#xE2A;&#xE4C;,</subfield>
    <subfield code="c">2560.</subfield>
  </datafield>
  <datafield tag="300" ind1=" " ind2=" ">
    <subfield code="a">209 &#xE2B;&#xE19;&#xE49;&#xE32; :</subfield>
    <subfield code="b">&#xE20;&#xE32;&#xE1E;&#xE1B;&#xE23;&#xE30;&#xE01;&#xE2D;&#xE1A;, &#xE15;&#xE32;&#xE23;&#xE32;&#xE07; ;</subfield>
    <subfield code="c">21 &#xE0B;&#xE21;.</subfield>
  </datafield>
  <datafield tag="500" ind1=" " ind2=" ">
    <subfield code="a">&#xE41;&#xE1B;&#xE25;&#xE08;&#xE32;&#xE01;&#xE40;&#xE23;&#xE37;&#xE48;&#xE2D;&#xE07; Just live the life you really want to &#xE02;&#xE2D;&#xE07; Lim Jaesung</subfield>
  </datafield>
  <datafield tag="650" ind1=" " ind2="4">
    <subfield code="9">12519</subfield>
    <subfield code="a">&#xE01;&#xE32;&#xE23;&#xE41;&#xE19;&#xE30;&#xE41;&#xE19;&#xE27;&#xE2D;&#xE32;&#xE0A;&#xE35;&#xE1E;</subfield>
  </datafield>
  <datafield tag="650" ind1=" " ind2="4">
    <subfield code="9">12520</subfield>
    <subfield code="a">&#xE04;&#xE27;&#xE32;&#xE21;&#xE2A;&#xE19;&#xE43;&#xE08;&#xE17;&#xE32;&#xE07;&#xE2D;&#xE32;&#xE0A;&#xE35;&#xE1E;</subfield>
  </datafield>
  <datafield tag="650" ind1=" " ind2="4">
    <subfield code="9">12521</subfield>
    <subfield code="a">&#xE40;&#xE1B;&#xE49;&#xE32;&#xE2B;&#xE21;&#xE32;&#xE22; (&#xE08;&#xE34;&#xE15;&#xE27;&#xE34;&#xE17;&#xE22;&#xE32;)</subfield>
  </datafield>
  <datafield tag="700" ind1="1" ind2=" ">
    <subfield code="9">12522</subfield>
    <subfield code="a">Lim, Jaesung</subfield>
  </datafield>
  <datafield tag="700" ind1="0" ind2=" ">
    <subfield code="a">&#xE15;&#xE23;&#xE2D;&#xE07;&#xE2A;&#xE34;&#xE23;&#xE34; &#xE17;&#xE2D;&#xE07;&#xE04;&#xE33;&#xE43;&#xE2A;</subfield>
    <subfield code="9">12375</subfield>
  </datafield>
  <datafield tag="850" ind1=" " ind2=" ">
    <subfield code="a">NALT</subfield>
  </datafield>
  <datafield tag="942" ind1=" " ind2=" ">
    <subfield code="2">lcc</subfield>
    <subfield code="c">GB</subfield>
  </datafield>
  <datafield tag="998" ind1=" " ind2=" ">
    <subfield code="a">ben</subfield>
    <subfield code="c">ben</subfield>
    <subfield code="j">104</subfield>
    <subfield code="k"> &#xE2A;&#xE32;&#xE22;&#xE1D;&#xE19; &#xE14;&#xE35;&#xE07;&#xE32;&#xE21;</subfield>
  </datafield>
  <datafield tag="952" ind1=" " ind2=" ">
    <subfield code="0">0</subfield>
    <subfield code="1">0</subfield>
    <subfield code="2">lcc</subfield>
    <subfield code="4">0</subfield>
    <subfield code="7">0</subfield>
    <subfield code="8">CGBL</subfield>
    <subfield code="a">NALT</subfield>
    <subfield code="b">NALT</subfield>
    <subfield code="d">2017-08-16</subfield>
    <subfield code="l">0</subfield>
    <subfield code="o">HF 5381 &#xE2D;747&#xE08; 2560</subfield>
    <subfield code="p">3961206797</subfield>
    <subfield code="r">2017-08-23 00:00:00</subfield>
    <subfield code="w">2017-08-16</subfield>
    <subfield code="y">GB</subfield>
  </datafield>
</record>
